Almanac of Business and Industrial Financial Ratios

Uložené v:
Podrobná bibliografia
Hlavný autor: Troy, Leo
Médium: Kniha
Jazyk:English
Vydavateľské údaje: Englewood Cliffs Prentice Hall 1995
Vydanie:26. ed.
Predmet:
Tagy: Pridať tag
Žiadne tagy, Buďte prvý, kto otaguje tento záznam!

MARC

LEADER 00000nam a2200000 4500
001 c014269
005 20221205132731.0
020 |a 0-13-349531-0 
041 0 |a eng 
044 |a US 
245 1 0 |a Almanac of Business and Industrial Financial Ratios  |c Leo Troy 
250 |a 26. ed. 
264 1 |a Englewood Cliffs  |b Prentice Hall  |c 1995 
300 |a 740 s. 
610 2 0 |a obchod 
610 2 0 |a podnikanie 
610 2 0 |a dane z príjmov 
610 2 0 |a informácie obchodno-ekonomické 
610 2 0 |a financie 
100 1 |a Troy, Leo